Guess The Circle Logos - Statistics

General Stats
  • This quiz has been taken 77 times
  • The average score is 12 of 20
Answer Stats
Picture Answer % Correct
Starbucks
97%
Fire Fox
79%
Pepsi
73%
Twitter
73%
Xbox
73%
Pinterest
70%
Spotify
70%
LG
69%
Skype
69%
Safari
68%
NASA
66%
Volkswagen
63%
Linkedin
56%
Tide
44%
Telegram
42%
CBS
41%
Opera
39%
PBS
39%
General Electric
38%
Ubisoft
31%
No matching quizzes found
Score Distribution
Percent of People with Each Score
Percentile by Number Answered
Your Score History
You have not taken this quiz